women at work: situation analysis of the nursing profession
Guardat en:
| Autor corporatiu: | |
|---|---|
| Format: | Desconegut |
| Publicat: |
1992
|
| Matèries: | |
| Accés en línia: | Visit NHRC Library |
| Etiquetes: |
Afegir etiqueta
Sense etiquetes, Sigues el primer a etiquetar aquest registre!
|
| LEADER | 00662 a2200169 4500 | ||
|---|---|---|---|
| 060 | |a RES 66 | ||
| 110 | |a Women's self help society |9 2032 | ||
| 245 | |a women at work: situation analysis of the nursing profession | ||
| 260 | |c 1992 | ||
| 300 | |a 18p. ; | ||
| 500 | |a Research Report | ||
| 546 | |a eng. | ||
| 650 | |a women at work: situation analysis of the nursing profession |9 2033 | ||
| 856 | |u http://nhrc.org.np/index.php?option=com_content&view=article&id=48&Itemid=53 |y Visit NHRC Library | ||
| 942 | |2 NLM |c RR | ||
| 952 | |0 0 |1 0 |2 lcc |4 0 |6 RES 00066/WSH/01992 |7 0 |9 545 |a NHRC |b NHRC |c REF |d 2012-07-13 |l 0 |o RES 66/WSH/1992 |p RES-00066 |r 2012-07-13 |w 2012-07-13 |y RR | ||
| 999 | |c 539 |d 539 | ||